State Birds Quiz Stats

 Plays Quiz not verified by Sporcle

Also try: Monet or Manet?
Challenge
Share
Tweet
Embed
Score 0/10 Timer 10:00
0 Plays Today
State Bird % Correct
IllinoisCardinal
89.2%
North CarolinaCardinal
89.2%
ConnecticutRobin
54.1%
New MexicoRoadrunner
45.9%
ArkansasMockingbird
43.2%
ArizonaCactus Wren
37.8%
MarylandBaltimore Oriole
35.1%
AlaskaWillow Ptarmigan
32.4%
GeorgiaBrown Thrasher
24.3%
DelawareBlue Hen Chicken
18.9%

You're not logged in!

Compare scores with friends on all Sporcle quizzes.
OR
Log In

You Might Also Like...

Show Comments

Extras

Created Feb 4, 2010ReportNominate
Tags:State Quiz, bird

Top Quizzes Today


Score Distribution

Your Account Isn't Verified!

In order to create a playlist on Sporcle, you need to verify the email address you used during registration. Go to your Sporcle Settings to finish the process.

Report this User

Report this user for behavior that violates our Community Guidelines.

Details: